000 00627nam a22001577a 4500
003 OSt
005 20160310111302.0
008 160310b xxu||||| |||| 00| 0 eng d
040 _cRUA
082 _aAGR SO 20143 B458 Or.1
100 _97896
_aSO SOBEN ; សូសុបិន
245 _aStudy on corn production of farmer in saang district , kandal province, ការសិក្សាផលិតកម្មដំណាំពោតរបស់កសិករនៅស្រុកស្អាង ខេត្តកណ្ដាល
260 _aPhnom Penh
_bRUA
_c2013
300 _axi ;47p.
_bill.
_c29cm.
942 _2ddc
_cAGR
999 _c7490
_d7490